| 000 | 00678nam a2200205 a 4500 | ||
|---|---|---|---|
| 005 | 20250116063833.0 | ||
| 008 | 991125s1980 mx 000 0 spa u | ||
| 020 | _a9688230537 | ||
| 035 | _aUPN01000032773 | ||
| 049 | _aCG | ||
| 050 | 4 |
_aLB41 _bS9.3 |
|
| 111 | 2 |
_aSymposium de Investigaciones en Educación _d(1978 : _cCocoyoc, Morelos) |
|
| 245 | 1 | 0 |
_aInvestigaciones en educación : _bmemoria. |
| 260 |
_aMéxico : _bCONACYT, Programa Nacional de Investigación Educativa, _c1980. |
||
| 300 | _a171 p. | ||
| 500 | _a"Realizado los días 7, 8 y 9 de diciembre 1978 en Cocoyoc Mor." | ||
| 650 | 4 |
_aEducación _vCongresos _96108 |
|
| 650 | 4 |
_aEducación _9682 |
|
| 905 | _aLibro | ||
| 999 |
_c32773 _d32773 |
||